|
|
|
|
| LEADER |
00000nam a2200000 i 4500 |
| 001 |
ELB196006 |
| 003 |
FINmELB |
| 005 |
20220331121057.0 |
| 006 |
m o u |
| 007 |
cr cn||||||||| |
| 008 |
220331s2014 pe a o 000 0 spa d |
| 020 |
|
|
|a 978-612-326-047-7
|q (digital)
|
| 035 |
|
|
|a (OCoLC)1311929910
|
| 040 |
|
|
|a FINmELB
|b spa
|e rda
|c FINmELB
|
| 050 |
|
4 |
|a F3429.3.F6
|b R678 2014
|
| 082 |
0 |
4 |
|a 398.20985
|2 23
|
| 100 |
1 |
|
|a Rostworowski, María,
|e autor.
|
| 245 |
1 |
3 |
|a El origen de los hombres y otros cuentos del antiguo Perú /
|c María Rostworowski ; Beatriz Chung Oré, ilustradora.
|
| 264 |
|
1 |
|a Lima :
|b IEP Instituto de Estudios Peruanos,
|c [2014]
|
| 300 |
|
|
|a 1 recurso en línea (36 páginas) :
|b ilustraciones
|
| 336 |
|
|
|a texto
|b txt
|2 rdacontent/spa
|
| 337 |
|
|
|a computadora
|b c
|2 rdamedia/spa
|
| 338 |
|
|
|a recurso en línea
|b cr
|2 rdacarrier/spa
|
| 490 |
1 |
|
|a Serie: Lecturas para la escuela ;
|v 39
|
| 588 |
|
|
|a Descripción basada en metadatos suministrados por el editor y otras fuentes.
|
| 590 |
|
|
|a Recurso electrónico. Santa Fe, Arg.: elibro, 2022. Disponible vía World Wide Web. El acceso puede estar limitado para las bibliotecas afiliadas a elibro.
|
| 650 |
|
0 |
|a Indians of South America
|z Peru
|x Folklore.
|
| 650 |
|
4 |
|a Indios de América del Sur
|z Perú
|x Folklore.
|
| 650 |
|
4 |
|a Legends
|z Perú.
|
| 650 |
|
0 |
|a Legends
|z Peru.
|
| 655 |
|
4 |
|a Libros electrónicos.
|
| 700 |
1 |
|
|a Chung Oré, Beatriz,
|e ilustradora.
|
| 797 |
2 |
|
|a elibro, Corp.
|
| 830 |
|
0 |
|a Serie: Lecturas para la escuela ;
|v 39.
|
| 856 |
4 |
0 |
|u https://elibro.uam.elogim.com/ereader/bidiuam/196006
|z Texto completo
|